000 00317nam a22001337a 4500
008 171129b xxu||||| |||| 00| 0 eng d
020 _a079808029957
041 _aeng
080 _a61
100 _a4
101 _aMP
245 _aTHE AMERICAN MEDICAL ASSOCIATION FAMILY MEDICAL GUIDE
_cKUNZ.J.R
942 _2udc
_cBK
999 _c38608
_d38608